000
00215 a2200097 4500
001
1443
100
_a
Timber engg Co
245
_a
Iimber design and custruction H/B
260
_a
_b
Mcgrawhill
_c
090
_c
986
_d
986
942
_a
NUST-CAE
_c
M
_c
36777
999
_c
236516
_d
236516